Bioinformatics and functional genomics (Record no. 31245)

MARC details
000 -LEADER
fixed length control field 00494nam a2200181Ia 4500
008 - FIXED-LENGTH DATA ELEMENTS--GENERAL INFORMATION
fixed length control field 230917s9999||||xx |||||||||||||| ||und||
020 ## - ISBN
Price RS1995
040 ## - CATALOGING SOURCE
-- 255641
Original cataloging agency VIVEKANANDA LIBRARY
041 ## - Language
-- English
082 ## - DDC NUMBER
Classification number 574.0285 P463B(3)
100 ## - MAIN ENTRY--PERSONAL NAME
Personal name Pevsner, Jonathan
245 #0 - TITLE STATEMENT
Title Bioinformatics and functional genomics
250 ## - EDITION STATEMENT
Edition statement 3rd ed.
260 ## - PUBLICATION, DISTRIBUTION, ETC. (IMPRINT)
Place of publication, distribution, etc New Delhi
Name of publisher, distributor, etc Wiley India
Date of publication, distribution, etc 2019
300 ## - PHYSICAL DESCRIPTION
Pages xxxiii, 1124 p.
500 ## - GENERAL NOTE
General note 3471 08/05/2019 RBP19/75798 24/05/2019 Main Budget
942 ## - ADDED ENTRY ELEMENTS (KOHA)
Koha item type Books
Holdings
Withdrawn status Lost status Damaged status Not for loan Location (home branch) Sublocation or collection (holding branch) Date acquired Koha issues (times borrowed) Koha full call number Accession No. Koha date last seen Koha item type
        VIVEKANANDA LIBRARY VIVEKANANDA LIBRARY 20/06/2019   574.0285 P463B(3) 383345 17/09/2023 Books
        VIVEKANANDA LIBRARY VIVEKANANDA LIBRARY 20/06/2019 1 574.0285 P463B(3) 383346 21/12/2023 Books
        VIVEKANANDA LIBRARY VIVEKANANDA LIBRARY 20/06/2019 1 574.0285 P463B(3) 383347 09/11/2023 Books
        VIVEKANANDA LIBRARY VIVEKANANDA LIBRARY 20/06/2019   574.0285 P463B(3) 383348 17/09/2023 Books
© Designed and Maintained by Vivekananda Library, MDU Rohtak